Prose of the romantic period, 1780-1830 (Record no. 55157)

MARC details
000 -LEADER
fixed length control field 00505nam a2200133 a 4500
008 - FIXED-LENGTH DATA ELEMENTS--GENERAL INFORMATION
fixed length control field 120416s1956 ||||||||||||||||| || u
050 ## - LIBRARY OF CONGRESS CALL NUMBER
Classification number PR 1139 Pro
100 ## - MAIN ENTRY--PERSONAL NAME
Personal name Wright, Yaymond
245 10 - TITLE STATEMENT
Title Prose of the romantic period, 1780-1830
Statement of responsibility, etc. edited by Raymond Wright
260 ## - PUBLICATION, DISTRIBUTION, ETC.
Place of publication, distribution, etc. Harmondsworth
Name of publisher, distributor, etc. Penguin
Date of publication, distribution, etc. 1956
300 ## - PHYSICAL DESCRIPTION
Extent xxxv, 288p.
350 ## - PRICE (NR) (BK AM CF MU VM SE) [OBSOLETE]
Price 0.00
995 ## - RECOMMENDATION 995 [LOCAL, UNIMARC FRANCE]
-- 0.00
-- CBU-MAIN LIBRARY (Kitwe)
-- 1
-- 0.00
-- 1
-- AVAILABLE
-- Annex Low-Usage Collection
Holdings
Withdrawn status Lost status Source of classification or shelving scheme Damaged status Not for loan Home library Current library Shelving location Date acquired Total Checkouts Full call number Barcode Date last seen Price effective from Koha item type
          CBU-MAIN LIBRARY, KITWE. CBU-MAIN LIBRARY, KITWE.   11/30/2022   PR 1139 Pro 011273 11/30/2022 11/30/2022 MONOGRAPH